000 00436nam a2200169Ia 4500
003 GCL
008 140319s9999 xx 000 0 eng d
040 _aGCL /
_cGCL
082 0 4 _a823.8
_bP H
100 1 _aPECK, JOHN
245 1 0 _aHOW TO STUDY A THOMAS HARDY NOVEL /
_cPECK, JOHN
260 _a[S.N] :
_bMACMILLAN ،
_c1987
300 _a94
650 0 4 _aHARDY, THOMAS
650 0 4 _aCRITICISM AND INTER PRETATION
942 _2ddc
_cBK
999 _c24782
_d24782